| 000 | 00445nam a2200205Ia 4500 | ||
|---|---|---|---|
| 001 | 12793 | ||
| 003 | GE_BSU | ||
| 008 | 181216s||||||||xx |||||||||||||| ||und|| | ||
| 020 | _a0747266999 | ||
| 040 | _cGE_BSU | ||
| 080 | _a821.111-312.4 | ||
| 100 | _aPatterson,James. | ||
| 245 | _aRoses Are Red. | ||
| 260 | _aLondon. | ||
| 260 | _bHeadline Feature. | ||
| 260 | _c2000 | ||
| 300 | _a435p;18cm. | ||
| 653 | _aRoses Are Red. | ||
| 942 | _cBK | ||
| 999 |
_c45964 _d45964 |
||